Decentralised governance in Uttarakhand: Operational issues and suggestive framework (Record no. 79507)

000 -LEADER
fixed length control field 01126pab a2200181 454500
008 - FIXED-LENGTH DATA ELEMENTS--GENERAL INFORMATION
fixed length control field 180718b2008 xxu||||| |||| 00| 0 eng d
100 ## - MAIN ENTRY--PERSONAL NAME
Personal name Jayalakshmi, K.
245 ## - TITLE STATEMENT
Title Decentralised governance in Uttarakhand: Operational issues and suggestive framework
260 ## - PUBLICATION, DISTRIBUTION, ETC.
Date of publication, distribution, etc. 2008
300 ## - PHYSICAL DESCRIPTION
Extent p.315-340.
362 ## - DATES OF PUBLICATION AND/OR SEQUENTIAL DESIGNATION
Dates of publication and/or sequential designation Apr-Jun
520 ## - SUMMARY, ETC.
Summary, etc. Uttarakhand has a rich tradition of equitable distribution of livelihood needs and speedy dispensation of justice through its conventional institutions at grassroots. The article examines the existing position of panchayats in terms of their structure, devolution of functions, functionaries and funds with the proposed activity and schematic mapping at all levels and resource sharing management of key resources like water and forest. It tries to understand and evaluate the role of gram sabha, with a special emphasis on organic linkage and space sharing with Nyaya panchayats and Van panchayats. - Reproduced.
650 ## - SUBJECT ADDED ENTRY--TOPICAL TERM
Topical term or geographic name entry element Decentralization - India - Uttarakhand
650 ## - SUBJECT ADDED ENTRY--TOPICAL TERM
Topical term or geographic name entry element Decentralization
773 ## - HOST ITEM ENTRY
Main entry heading Indian Journal of Public Administration
908 ## - PUT COMMAND PARAMETER (RLIN)
Put command parameter N
909 ## -
-- 79507
Holdings
Withdrawn status Lost status Damaged status Not for loan Permanent Location Current Location Date acquired Serial Enumeration / chronology Barcode Date last seen Price effective from Koha item type
        Indian Institute of Public Administration Indian Institute of Public Administration 2018-07-19 Volume no: 54, Issue no: 2 AR79967 2018-07-19 2018-07-19 Articles

Powered by Koha